| 000 | 01041cam a22002892 4500 | ||
|---|---|---|---|
| 001 | 0000019405 | ||
| 005 | 20151217145913.0 | ||
| 008 | 101115s xx 000 0 eng d | ||
| 020 | _a0406959515 : | ||
| 040 |
_aKABU _cKABU |
||
| 100 | 1 |
_aLowe, N. V. _@0000179122 |
|
| 245 | 1 | 0 |
_aBromley's family law / _cN. V. Lowe, G Douglas. |
| 250 | _a10th ed. | ||
| 260 |
_aOxford : _bO. U. P., _c2007. |
||
| 300 | _axciii, 1153 p. | ||
| 650 | 0 |
_aDomestic relations _zEngland. _@0000160404 |
|
| 650 | 0 |
_aDomestic relations _zWales. _@0000160405 |
|
| 700 | 1 |
_aDouglas, Gillian. _@0000178418 |
|
| 852 | 1 | _9p5510 KES | |
| 852 | 1 | _9p5510 KES | |
| 852 | 1 | _9p5578 KES | |
| 852 | 1 | _9p5510 KES | |
| 852 | 1 | _9p5578 KES | |
| 852 | 1 | _9p5578 KES | |
| 908 | _a101115 | ||
| 950 | _@1 | ||
| 999 |
_c3916 _d3916 |
||